|
|
|
|
| LEADER |
00000nam a2200000 4500 |
| 008 |
180509b2018 cr ||||| |||| 00| | spa d |
| 999 |
|
|
|c 3491
|d 3491
|
| 090 |
|
|
|a 06.03.06
|b 2455
|
| 100 |
1 |
|
|9 1513
|a Regueyra Edelman, María Gabriela
|
| 245 |
1 |
0 |
|a Seguimiento a la permanencia de la población estudiantil en la Universidad de Costa Rica /
|c María Gabriela Regueyra Edelman
|
| 260 |
|
|
|a [San José, Costa Rica] :
|b INIE,
|c 2018
|
| 300 |
|
|
|a 131 páginas, 36 páginas sin numerar
|
| 500 |
|
|
|a Informe final Proyecto de Investigación Nº 724-B2-006
|
| 610 |
2 |
4 |
|9 714
|a UNIVERSIDAD DE COSTA RICA
|
| 650 |
1 |
4 |
|9 8
|a EDUCACIÓN SUPERIOR
|
| 650 |
1 |
4 |
|9 481
|a ESTUDIANTES UNIVERSITARIOS
|
| 650 |
1 |
4 |
|9 1377
|a FACTORES DE PERMANENCIA
|
| 650 |
1 |
4 |
|9 779
|a GRADUADOS
|
| 942 |
|
|
|i 004451
|h 06.03.06 2455
|2 z
|c 04
|